El mercado del crédito agrario en España

Guardado en:
Formato: Desconocido
Idioma:Spanish
Publicado: Madrid : Confederación española de cajas de ahorros, 1971
Series:Publicación del fondo para la investigación económica y social de la confederación española de cajas de ahorro
Materias:
Etiquetas: Agregar Etiqueta
Sin Etiquetas, Sea el primero en etiquetar este registro!
LEADER 00553nac a22001455a 4500
001 DER.der002029
005 20060913000000.0
008 180615s1971####||||||||||||||||||||spa||
245 1 0 |a El mercado del crédito agrario en España 
260 |a Madrid :  |b Confederación española de cajas de ahorros,  |c 1971 
300 0 |a 747 p. 
440 0 |a Publicación del fondo para la investigación económica y social de la confederación española de cajas de ahorro 
653 |a CREDITO AGRARIO 
653 |a SISTEMA FINANCIERO 
859 |a DERECHO  |b BIB. DERECHO  |h 346.073  |i MER  |p 004145